000
00217 a2200097 4500
001
29141
100
_a
Ahmad, F
245
_a
Omar the second caliph of Islam
260
_a
_b
Muhammad Ashraf
_c
090
_c
19466
_d
19466
942
_a
NUST-CAE
_c
M
_c
10520
999
_c
264214
_d
264214